000 00962nam a2200253Ia 4500
008 130821s2001 sp gr spa
020 _a8481913588
040 _aCo-BoUCM
_bspa
041 0 0 _aspa
100 1 _aAgamben, Giorgio
_d1942-
245 1 0 _aMedios sin fin notas sobre la política
_cGiorgio Agamben; traducción de Antonio Gimeno Cuspinera
260 _aMadrid (España)
_bPre-textos
_c2001
300 _a121 páginas
490 _aPre-textos. Ensayos
_v493
600 _aAgamben, Giorgio
_d1942-
_vEnsayos, conferencias, etc.
650 0 4 _aCiencia política
_9340
650 0 4 _aCiencia política
_vEnsayos, conferencias, etc.
_9340
650 0 4 _aFilosofía moderna
_vEnsayos, conferencias, etc.
_915835
650 0 4 _aFilosofía política
_vEnsayos, conferencias, etc.
_915841
700 1 _aGimeno CUSPINERA, Antonio
_etrad.
765 1 0 _aMezzi senza fine.
942 _cLIBRO
_a6
_e1
_mA259m
_2DEWEY
_h320.01
999 _c47255
_d47255